000 00323nam a22001457a 4500
008 210602b ||||| |||| 00| 0 eng d
020 _a9780878424030
041 _aeng
080 _a37
082 _a37
100 _a46
101 _aEDU
245 _aIce Age Mammals of North America
_cIan M. Lange
942 _2udc
_cBK
999 _c57929
_d57929